000 00557nam a2200181 a 4500
001 000018779
005 20200929165845.0
008 100518s1986 pr r 000 1 spa d
040 _aDO-SdBNP
_bspa
_cBNPHU
082 _a808.8
_bM358a
100 1 _aMarrero-Aizpurúa, Lucila
_923813
245 1 0 _aAntología de la literatura universal /
_cLucila Marrero-Aizpurúa.
260 _aSan Juan, Puerto Rico :
_bLa Biblioteca,
_c1986.
300 _axvi, 510 p. ;
_c24 cm.
650 4 _aLiteratura universal
_940507
650 4 _aAntologías
_93129
049 _aBNGR
999 _c18299
_d18299